Prostorová akustika /

Salvato in:
Dettagli Bibliografici
Autori principali: Kolmer, Felix (Autore), Kyncl, Jaroslav (Autore)
Natura: Libro
Lingua:ceco
Pubblicazione: Praha : SNTL, 1980
Edizione:1.vyd.
Tags: Aggiungi Tag
Nessun Tag, puoi essere il primo ad aggiungerne!!

MARC

LEADER 00000nam a22000003a 4500
001 stu9613
005 20150617225803.7
008 970425s1980----cs------------------cze-d
040 |a STU  |b slo 
041 0 |a cze 
044 |a cs 
080 |a 534.84 
100 1 |a Kolmer, Felix  |4 aut 
245 1 |a Prostorová akustika /  |c [aut.] Kolmer,Felix; Kyncl,Jaroslav 
250 |a 1.vyd. 
260 |a Praha :  |b SNTL,  |c 1980 
300 |a 242 s 
700 1 |a Kyncl, Jaroslav  |4 aut 
996 |b 284EK02100  |c E*49541  |l EE01  |s A  |a 24  |w stu9613_0002